00445nam a2200121Ia 4500008004100000024004800041082001800089100008200107245004900189260002600238600002100264650003800285260210s9999 xx 000 0 und d a12B-039-BS, 12B-038-BS & 12B-043-BS a004.35072 BIL aBilal Ahmed Khan, Muhammad Shumail Azam Khan & Muhammad Uzair Akhtar Khan 0aOntology Based Career Counseling (CODE BOOK) aKarachi:bUITU,c2012 aComputer Science aBachelor of Computer Science (BS)